000 00599nam a2200205Ia 4500
003 OSt
005 20230421153419.0
008 210423s2010 xx 000 0 und d
020 _a9780521263382
040 _cAL
041 _aeng
082 _a658.3
_223
_bFLES
100 _aFLEETWOOD (Steve);HESKETH (Anthony).
_991702
245 _aExplaining the performance of human resource management..
260 _aNew Delhi
_bCambridge University Press
_c2010
300 _axvii,342
_bPB
365 _cINR
906 _aExplaining ; human ; management.. ; performance ; resource
942 _2ddc
_cBK
999 _c160912
_d160912